Μύθοι και στερεότυπα της ελληνικής κρίσης
Αποθηκεύτηκε σε:
| Κύριος συγγραφέας: | |
|---|---|
| Μορφή: | Βιβλίο |
| Γλώσσα: | Greek |
| Δημοσίευση: |
Αθήνα :
Επίκεντρο,
2012.
|
| Θέματα: | |
| Ετικέτες: |
Προσθήκη ετικέτας
Δεν υπάρχουν, Καταχωρήστε ετικέτα πρώτοι!
|
MARC
| LEADER | 00000cam a2200000 a 4500 | ||
|---|---|---|---|
| 001 | 1/117887 | ||
| 008 | 190123s2012####gr |||m||| |||| ||gre|| | ||
| 020 | |a 9789604583836 | ||
| 040 | |a GR-MyUa |b gre |c GR-MyUa |e AACR2 | ||
| 041 | 0 | |a gre | |
| 082 | 7 | |a 338.542 |2 (23) | |
| 100 | 1 | |a Παπασαραντόπουλος, Πέτρος Ν. | |
| 245 | 1 | 0 | |a Μύθοι και στερεότυπα της ελληνικής κρίσης / |c Πέτρος Παπασαραντόπουλος ; πρόλογος: Νίκος Μαραντζίδης. |
| 260 | |a Αθήνα : |b Επίκεντρο, |c 2012. | ||
| 300 | |a 341 σ. ; |c 24 εκ. | ||
| 650 | 0 | |a Debts, Public |z Greece. | |
| 651 | 0 | |a Greece |x Economic conditions. | |
| 651 | 0 | |a Greece |x Economic policy. | |
| 852 | |a INST |b LESVOS |e 20190123 |h 338.542 ΠΑΠ |p 005100060661 |q 005100060661 |t BK |y 0 | ||
| 970 | |a Δημάκη |b Μαρία |z 23-01-2019 | ||